<?xml version="1.0" encoding="UTF-8"?>
<record
    xmlns:xsi="http://www.w3.org/2001/XMLSchema-instance"
    xsi:schemaLocation="http://www.loc.gov/MARC21/slim http://www.loc.gov/standards/marcxml/schema/MARC21slim.xsd"
    xmlns="http://www.loc.gov/MARC21/slim">

  <leader>00639cam a2200193   4500</leader>
  <controlfield tag="001">42706</controlfield>
  <datafield tag="090" ind1=" " ind2=" ">
    <subfield code="a">42706</subfield>
  </datafield>
  <datafield tag="100" ind1=" " ind2=" ">
    <subfield code="a">19950512d1951    k  a0pory5003    ba</subfield>
  </datafield>
  <datafield tag="101" ind1="1" ind2=" ">
    <subfield code="a">por</subfield>
  </datafield>
  <datafield tag="102" ind1=" " ind2=" ">
    <subfield code="a">US</subfield>
  </datafield>
  <datafield tag="200" ind1="1" ind2=" ">
    <subfield code="a">Manual de conservac&#xE3;o do solo</subfield>
    <subfield code="f">[ed.] William X. Hull</subfield>
    <subfield code="g">trad. Hilgard O' Reilly Sternberg</subfield>
  </datafield>
  <datafield tag="210" ind1=" " ind2="9">
    <subfield code="a">Washington, D.C.</subfield>
    <subfield code="c">Sec. Agricultura dos E.U.A., Servi&#x2014;co de Conserva&#x2014;c&#xE3;o do Solo,</subfield>
    <subfield code="d">imp. 1951</subfield>
  </datafield>
  <datafield tag="215" ind1=" " ind2=" ">
    <subfield code="a">VII, 307 p.</subfield>
    <subfield code="c">il., tab., mapa</subfield>
    <subfield code="d">26 cm</subfield>
  </datafield>
  <datafield tag="225" ind1="2" ind2=" ">
    <subfield code="a">Publicac&#xE3;o TC</subfield>
    <subfield code="v">284</subfield>
  </datafield>
  <datafield tag="675" ind1=" " ind2=" ">
    <subfield code="a">631.4</subfield>
    <subfield code="v">med</subfield>
    <subfield code="z">fre</subfield>
  </datafield>
  <datafield tag="700" ind1="0" ind2="1">
    <subfield code="a">Hull,</subfield>
    <subfield code="b">William X.</subfield>
  </datafield>
  <datafield tag="702" ind1=" " ind2="1">
    <subfield code="a">Sternberg,</subfield>
    <subfield code="b">Hilgard O'Reilly,</subfield>
    <subfield code="f">1890-</subfield>
    <subfield code="4">730</subfield>
  </datafield>
  <datafield tag="801" ind1=" " ind2="0">
    <subfield code="a">PT</subfield>
    <subfield code="b">BN</subfield>
    <subfield code="g">RPC</subfield>
  </datafield>
  <datafield tag="990" ind1=" " ind2=" ">
    <subfield code="c">LIVROS</subfield>
  </datafield>
  <datafield tag="995" ind1=" " ind2=" ">
    <subfield code="1">0</subfield>
    <subfield code="9">67527</subfield>
    <subfield code="b">BMR</subfield>
    <subfield code="c">BMR</subfield>
    <subfield code="f">049517</subfield>
    <subfield code="k">631.4 HUL</subfield>
    <subfield code="o">0</subfield>
    <subfield code="r">LIVROS</subfield>
  </datafield>
</record>
